| Поле | Инд. | ПП | Название | Значение |
|---|---|---|---|---|
| Тип записи | a | |||
| Библиографический уровень | m | |||
| 001 | Контрольный номер | 94903058-de0b-45ba-8a51-8574bc78e66e | ||
| 005 | Дата корректировки | 20140703141744.2 | ||
| 008 | Кодируемые данные | 051212 | ||
| 020 | a | ISBN | 5-9221-0338-5 | |
| c | Цена, тираж | 299.00 | ||
| 040 | a | Служба первич. каталог. | НБ ТвГУ | |
| 041 | a | Код языка текста | rus | |
| 080 | a | Индекс УДК | 534(075.8) | |
| 084 | a | Индекс другой классификации/Индекс ББК | В25я73-1 | |
| a | Индекс другой классификации/Индекс ББК | В251.03я73-1 | ||
| 090 | x | Авторский знак | В67 | |
| a | Полочн. индекс | В25 | ||
| 245 | _1 | a | Заглавие | Волны в сплошных средах |
| b | Продолж. заглавия | учеб. пособие для студентов вузов, обучающихся по специальностям "Динамика и прочность машин" и "Триботехника" направления подгот. дипломир. специалистов "Прикл. математика" | ||
| c | Ответственность | А. Г. Горшков, А. Л. Медведский, Л. Н. Рабинский, Д. В. Тарлаковский | ||
| 260 | 0_ | a | Место издания | Москва |
| b | Издательство | Физматлит | ||
| c | Дата издания | 2004 | ||
| 300 | a | Объем | 467 с. | |
| b | Иллюстрации/ тип воспроизводства | ил., табл. | ||
| 500 | a | Примечание | Рез. англ. | |
| 504 | a | Библиография | Библиогр.: с. 457-461. - Имен., предм. указ.: с. 462-467. | |
| 583 | a | Действие | Получение впервые 401 09.12.2005 | |
| k | Исполнитель действия | ООО "Книжный мир" | ||
| 583 | a | Действие | Приписка 417 19.12.2005 | |
| k | Исполнитель действия | ООО "Книжный мир" | ||
| 650 | a | Основная рубрика | Сплошные среды | |
| x | Основная подрубрика | Механика | ||
| x | Основная подрубрика | Учебники для вузов | ||
| 650 | a | Основная рубрика | Деформируемые твердые тела | |
| 650 | a | Основная рубрика | Волны | |
| x | Основная подрубрика | Распространение в сплошных средах | ||
| 653 | a | Ключевые слова | Сплошные среды | |
| a | Ключевые слова | Динамика сплошных сред | ||
| a | Ключевые слова | Механика сплошных сред | ||
| a | Ключевые слова | Деформируемые твердые тела | ||
| a | Ключевые слова | Механика деформируемых твердых тел | ||
| a | Ключевые слова | Волны | ||
| 700 | 1_ | a | Другие авторы | Горшков Анатолий Герасимович |
| e | Роль лиц | авт. | ||
| 700 | 1_ | a | Другие авторы | Медведский Александр Леонидович |
| e | Роль лиц | авт. | ||
| 700 | 1_ | a | Другие авторы | Рабинский Лев Наумович |
| e | Роль лиц | авт. | ||
| 700 | 1_ | a | Другие авторы | Тарлаковский Дмитрий Валентинович |
| e | Роль лиц | авт. | ||
| 852 | t | Порядковый номер экземпляра | 5 | |
| p | Инвентарный номер | 828555 | ||
| p | Инвентарный номер | 830513 305.00 | ||
| p | Инвентарный номер | 830514 305.00 | ||
| p | Инвентарный номер | 830515 305.00 | ||
| p | Инвентарный номер | 830516 305.00 | ||
| 863 | t | 00115786 | ||
| 863 | t | 00114482 | ||
| 863 | t | 00114483 | ||
| 863 | t | 00114484 | ||
| 863 | t | 00114485 | ||
| 888 | a | За счет средств университета | ||
| 930 | a | Новая/Ретро | учебники | |
| 952 | p | 401.2005 299.00 1 828555 | ||
| p | 417.2005 305.00 1 830513 | |||
| p | 417.2005 305.00 1 830514 | |||
| p | 417.2005 305.00 1 830515 | |||
| p | 417.2005 305.00 1 830516 | |||
| c | Вид литературы | К ру | ||
| 954 | a | Дата поступления на обработку | 20060117 | |
| 999 | a | Подразделение 2 | Фил3 |